书目信息 |
| 题名: |
大学生性教育与艾滋病、性病防治
|
|
| 作者: | 邹克扬 , 贾敏 编著 | |
| 分册: | ||
| 出版信息: | 北京 北京师范大学出版社 2009 |
|
| 页数: | 174页 | |
| 开本: | 23cm | |
| 丛书名: | ||
| 单 册: | ||
| 中图分类: | G647.9 , R512.91 | |
| 科图分类: | ||
| 主题词: | 大学生--性教育--高等学校--教材 , 获得性免疫缺陷综合征--防治--高等学校--教材 , 性病--防治--高等学校--教材 | |
| 电子资源: | ||
| ISBN: | 978-7-303-09751-7 | |
| 000 | 01093nam0 2200301 45 | |
| 001 | 1029887867 | |
| 005 | 20100428160123.50 | |
| 010 | @a978-7-303-09751-7@dCNY20.00 | |
| 100 | @a20100420d2009 em y0chiy50 ea | |
| 101 | 0 | @achi |
| 102 | @aCN@b110000 | |
| 105 | @aa z 000yy | |
| 106 | @ar | |
| 200 | 1 | @a大学生性教育与艾滋病、性病防治@ADa Xue Sheng Xing Jiao Yu Yu Ai Zi Bing、 Xing Bing Fang Zhi@f邹克扬,贾敏编著@FZou Ke Yang, Jia Min Bian Zhu |
| 210 | @a北京@c北京师范大学出版社@d2009 | |
| 215 | @a174页@c图@d23cm | |
| 300 | @a教育部推荐教材贵州省教育厅高等学校人文社会科学研究项目 | |
| 330 | @a本书内容包括:大学生性生理教育、大学生性心理教育、大学生性道德教育、艾滋病的防治、性病的防治,以及对毒品的认识。 | |
| 606 | 0 | @a大学生@x性教育@x高等学校@j教材 |
| 606 | 0 | @a获得性免疫缺陷综合征@x防治@x高等学校@j教材 |
| 606 | 0 | @a性病@x防治@x高等学校@j教材 |
| 610 | 0 | @a艾滋病 |
| 690 | @aG647.9@v4 | |
| 690 | @aR512.91@v4 | |
| 701 | 0 | @a邹克扬@AZou Ke Yang@4编著 |
| 701 | 0 | @a贾敏@AJia Min@4编著 |
| 801 | 0 | @aCN@bTANGWEI@c20100428 |
| 905 | @b0593743-47@dG647.9@e513@f5 | |
| 大学生性教育与艾滋病、性病防治/邹克扬,贾敏编著.-北京:北京师范大学出版社,2009 |
| 174页:图;23cm |
| 教育部推荐教材贵州省教育厅高等学校人文社会科学研究项目 |
| ISBN 978-7-303-09751-7:CNY20.00 |
| 本书内容包括:大学生性生理教育、大学生性心理教育、大学生性道德教育、艾滋病的防治、性病的防治,以及对毒品的认识。 |
| ● |
| 相关链接 |
|
|
|
|
正题名:大学生性教育与艾滋病、性病防治
索取号:G647.9/513
 
预约/预借
| 序号 | 登录号 | 条形码 | 馆藏地/架位号 | 状态 | 备注 |
| 1 | 0593743 | 205937432 | 第一样本阅览室/ [索取号:G647.9/513] | 在馆 | |
| 2 | 0593744 | 205937441 | 第四借阅区/ [索取号:G647.9/513] | 在馆 | |
| 3 | 0593745 | 205937450 | 第四借阅区/ [索取号:G647.9/513] | 在馆 | |
| 4 | 0593746 | 205937469 | 第四借阅区/ [索取号:G647.9/513] | 在馆 | |
| 5 | 0593747 | 205937478 | 第四借阅区/ [索取号:G647.9/513] | 在馆 |